[Event "World ol U16"]
[Site "Eindhoven"]
[Date "2023.08.13"]
[Round "1.12"]
[White "Thogata, Randheer"]
[Black "Hnatyshyn, Anastasiya"]
[Result "1/2-1/2"]
[WhiteElo "1934"]
[BlackElo "2101"]
[PlyCount "56"]
[EventDate "2023.08.13"]
[EventType "team-swiss"]
[EventRounds "9"]
[EventCountry "NED"]
[SourceTitle "CBM 215 Extra"]
[Source "ChessBase"]
[SourceDate "2023.09.30"]
[SourceVersion "1"]
[SourceVersionDate "2023.09.30"]
[SourceQuality "1"]
[WhiteTeam "Australia II"]
[BlackTeam "Ukraine"]
[WhiteTeamCountry "AUS"]
[BlackTeamCountry "UKR"]

1. e4 c5 2. Nf3 Nc6 3. Bb5 g6 4. 0-0 Bg7 5. Re1 Nf6 6. e5 Nd5 7. Nc3 Nc7 8. Bxc6 dxc6 9. Ne4 Ne6 10. d3 0-0 11. Be3 b6 12. Qd2 Qc7 13. Bh6 Rd8 14. Bxg7 Kxg7 15. Qe3 h6 16. h4 Nd4 17. Nxd4 cxd4 18. Qg3 Qd7 19. f3 Qf5 20. Re2 a5 21. Rae1 a4 22. e6 Bxe6 23. Nf2 Qf6 24. Ne4 Qf5 25. Nf2 Qf6 26. Ne4 Qf5 27. Nf2 Qf6 28. Ne4 Qf5 1/2-1/2